MARC details
| 000 -BAŞLIK |
| Sabit Uzunlukta Kontrol Alanı |
01936na a2200409 4500 |
| 001 - KONTROL NUMARASI |
| Denetim Alanı |
16360 |
| 003 - KONTROL NUMARASI IDENTIFIER |
| Denetim Alanı |
MIRAKIL |
| 005 - SON İŞLEM TARİHİ VE ZAMANI |
| Denetim Alanı |
20181213155151.0 |
| 008 - SABİT-BOY VERİ ELEMANLARI - GENEL BİLGİLER |
| Sabit Uzunlukta Kontrol Alanı |
170213b tu 000 0 |
| 035 ## - SİSTEM KONTROL NUMARASI |
| Sistem Kontrol Numarası |
16360 |
| 040 ## - KATALOGLAMA KAYNAK |
| Orijinal Kataloglama Ajansı |
Milas |
| Kataloglama Dili |
tur |
| Metne Dönüştürmek Ajansı |
TR-AnCHP |
| 041 ## - DİL KODU |
| Metin / Ses Parça Veya Ayrı Başlığın Dil Kodu |
tur |
| 082 ## - DEWEY ONLU SINIFLANDIRMA NUMARASI |
| Sınıflandırma Numarası |
CHP 324.217207 |
| Ürün Numarası |
O42c 1940 |
| 090 ## - SINIFLAMA NUMARASI |
| Sınıflama Numarası |
CHP 324.217207 O42c 1940 |
| 100 ## - ANA GİRİŞ - KİŞİSEL İSİM |
| Kişisel Ad |
Okandan, Recai G. |
| 222 ## - ANAHTAR ADI |
| Anahtar Başlık |
Cumhuriyet Halk Partisi Konferansları |
| 245 ## - BAŞLIK TABLOSU |
| Başlık |
Milli korunma kanunumuzun kıymet ve ehemmiyeti ; Bugünkü Avrupa harbinin Türkiye ekonomisindeki akisleri ; Harpta devlet ekonomisi ; Tüek toprak hukuku tarihine bir bakış ; Hukuk ve devlet hakkında bazı sosyolojik tetkikler |
| Sorumluluk Tablosu, Vb |
Recai Okandan ; Refii Şükrü Suvla ; Ömer Lütfi Barkan ; Hüseyin Nail Kubal |
| 260 ## - YAYIN, DAĞITIM, VB |
| Yayın, Dağıtım, Vb Yeri |
[Ankara ] |
| Yayıncı, Dağıtıcı, Vs Adı |
CHP |
| Yayın, Dağıtım, Vb Tarihi |
1940 |
| Üretici Firma |
Recep Ulusoğlu Basımevi |
| 300 ## - FİZİKSEL TANIM |
| Kapsam |
72 s. |
| Boyutlar |
23 sm. |
| 440 ## - SERİSİ TABLOSU / KATMA GİRİŞİ - BAŞLIK |
| Başlık |
C.H.P. |
| Bir İşin Parçası / Bölümün İsmi |
Konferanslar serisi |
| Hacim / Ardışık Tanımı |
15 |
| 500 ## - GENEL NOT |
| Genel Not |
Yapıt, yazarların konferans konuşmalarını içermektedir |
| 505 ## - BİÇİMLENDİRİLDİ İÇİNDEKİLER NOT |
| Biçimlendirilmiş İçeriği Dikkat |
Milli korunma kanunumuzun kıymet ve ehemmiyeti / Recai Okandan; Bugünkü Avrupa harbinin Türkiye ekonomisindeki akisleri / Refii Şükrü Suvla; Harpta devlet ekonomisi / Refii Şükrü Suvla; Tüek toprak hukuku tarihine bir bakış / Ömer Lütfü Barıkan ; Hukuk ve devlet hakkında bazı sosyolojik tetkikler/ Nail Kuban |
| 610 ## - KONU KATMA GİRİŞ - TOPLANTI ADI |
| Giriş Elemanı Olarak Kurumsal Ad Veya Yargı Alanı Adı |
Cumhuriyet Halk Partisi (CHP) |
| Genel Alt Bölüm |
Konferanslar ve seminerler |
| 650 ## - KONU KATMA GİRİŞ - TOPİKAL DÖNEM |
| Topikal Süreli Veya Coğrafi Ad Giriş Elemanı |
Ulusal Güvenlik yasası |
| 650 ## - KONU KATMA GİRİŞ - TOPİKAL DÖNEM |
| Topikal Süreli Veya Coğrafi Ad Giriş Elemanı |
Toprak hukuku |
| 650 ## - KONU KATMA GİRİŞ - TOPİKAL DÖNEM |
| Topikal Süreli Veya Coğrafi Ad Giriş Elemanı |
Ekonomi |
| 700 ## - KATMA GİRİŞ - KİŞİSEL İSİM |
| Kişisel Ad |
Barkan, Ömer Lütfi |
| 700 ## - KATMA GİRİŞ - KİŞİSEL İSİM |
| Kişisel Ad |
Kubalı, Hüseyin Nail |
| 700 ## - KATMA GİRİŞ - KİŞİSEL İSİM |
| Kişisel Ad |
Suvla, Refii-Şükrü |
| 740 ## - KATMA GİRİŞ - KONTROLSUZ İLGİLİ / ANALİTİK BAŞLIK |
| Kontrol Edilmeyen / İlgili Analitik Başlıktaki |
Türk toprak hukuku tarihine bir bakış |
| 740 ## - KATMA GİRİŞ - KONTROLSUZ İLGİLİ / ANALİTİK BAŞLIK |
| Kontrol Edilmeyen / İlgili Analitik Başlıktaki |
Harpta devlet ekonomisi |
| 740 ## - KATMA GİRİŞ - KONTROLSUZ İLGİLİ / ANALİTİK BAŞLIK |
| Kontrol Edilmeyen / İlgili Analitik Başlıktaki |
Hukuk ve devlet hakkında bazı sosyolojik tetkikler |
| 740 ## - KATMA GİRİŞ - KONTROLSUZ İLGİLİ / ANALİTİK BAŞLIK |
| Kontrol Edilmeyen / İlgili Analitik Başlıktaki |
Bugünkü Avrupa harbinin Türkiye ekonomisindeki akisleri |
| 830 ## - SERİSİ EKLENDİ GİRİŞ - ÜNİFORM ADI |
| Üniforma Başlık |
CHP Yayınları |
| 942 ## - EKLENDİ GİRİŞ ELEMANLARI (KOHA) |
| Sınıflandırma Veya Raf Düzeni Kaynak |
Dewey Decimal Classification |
| Koha Öğesi Türü |
Books |
| 999 ## - SİSTEM KONTROL NUMARALARI (KOHA) |
| Koha Biblionumber |
7848 |
| Koha Biblioitemnumber |
7848 |
| 657 ## - INDEX SÜRE - İŞLEVİ |
| -- |
CHP konferansları |